000 00750nam a2200241Ia 4500
003 OSt
005 20220923213827.0
006 a|||||r|||| 00| 0
007 ta
008 220922b |||||||| |||| 00| 0 hin d
024 _a164,927
037 _cTextual
040 _aARTS
_cARTS
_bhin
041 _2hin
_ahin
082 _aO152,1N313x, L2
100 _aकुमार विमल
245 0 _aयंे सम्पुट सीपी के
246 _aYane sampuṭ sīpī ke
260 _aपटना
_b अनुपम प्रकाशन
_c1972
650 _aहिन्दी साहित्य
_9156264
942 _hO152,1N313x, L2
_cTEXL
_2CC
999 _c319406
_d319406